|
|
|
|
| LEADER |
00000nam0a2200000 4500 |
| 001 |
239564 |
| 005 |
20231101231701.0 |
| 035 |
|
|
|a (RuTPU)RU\TPU\book\260785
|
| 090 |
|
|
|a 239564
|
| 100 |
|
|
|a 20130610d 1932k y0rusy50 ca
|
| 101 |
0 |
|
|a rus
|a eng
|
| 102 |
|
|
|a RU
|
| 105 |
|
|
|a a z 001zy
|
| 200 |
1 |
|
|a Микроскопический метод исследования палеозойских мшанок сем. Fenestellidae
|e [оттиск статьи]
|f В. П. Нехорошев
|g СССР, Всесоюзное геологоразведочное объединение (Союзгеологоразведка)
|
| 210 |
|
|
|a Ленинград
|c Изд-во ЦНИГРИ
|d 1932
|
| 215 |
|
|
|a 26 с.
|c ил.
|
| 225 |
1 |
|
|a Известия Всесоюзного геологоразведочного объединения
|v Т. 51, вып. 17
|
| 300 |
|
|
|a Рез. на англ. яз.
|
| 316 |
|
|
|5 63413507: КР-1218
|a На с. 1 дарственная надпись : "Многоуважаемому Константину Владимировичу Радугину от автора"
|
| 317 |
|
|
|5 63413507: КР-1218
|a Поступила в НТБ в 2004 г. в составе книжного собрания профессора ТПИ К. В. Радугина.
|
| 320 |
|
|
|a Библиогр. в конце ст.
|
| 606 |
1 |
|
|a Палеонтология
|2 stltpush
|3 (RuTPU)RU\TPU\subj\47998
|9 66880
|
| 610 |
1 |
|
|a мшанки
|
| 610 |
1 |
|
|a палеозой
|
| 610 |
1 |
|
|a исследования
|
| 610 |
1 |
|
|a исследования
|
| 610 |
1 |
|
|a библиотека К. В. Радугина
|
| 610 |
1 |
|
|a дарственная надпись
|
| 675 |
|
|
|a 56
|v 3
|
| 700 |
|
1 |
|a Нехорошев
|b В. П.
|
| 712 |
0 |
1 |
|a СССР
|b Всесоюзное геологоразведочное объединение (Союзгеологоразведка)
|c (1931-1933)
|2 stltpush
|3 (RuTPU)RU\TPU\col\18435
|
| 801 |
|
1 |
|a RU
|b 63413507
|c 20130610
|
| 801 |
|
2 |
|a RU
|b 63413507
|c 20190701
|g RCR
|
| 942 |
|
|
|c BK
|